| 000 | 01247 a2200193 4500 | ||
|---|---|---|---|
| 003 | Nust | ||
| 005 | 20170207153559.0 | ||
| 010 | _a 2010026285 | ||
| 020 | _a9780470741832 (cloth) | ||
| 040 | _cNust | ||
| 082 | 0 | 0 | _a621.3822 |
| 100 | 1 | _aKhan, Shoab. | |
| 245 | 1 | 0 |
_aDigital design of signal processing systems : _ba practical approach / _cShoab Khan. |
| 260 |
_aChichester, West Sussex, U.K. ; _aHoboken, N.J. : _bWiley, _c2010. |
||
| 300 |
_axx, 586 p. : _bill. ; _c26 cm. |
||
| 505 | _a Overview (Page-1)Using a Hardware Description Language (Page-21) Systems Design Flow and Fixed Point Arithmetic (Page-81) Mapping on Fully Dedicated Architecture (Page-133) Design Options for Basic Building Blocks (Page-183) Multiplier –Less Multiplication by Constant (Page-253)Pipelining Retiming Look ahead Transformation and Polyphone Decomposition (Page-301) Unfolding and Folding of Architectures (Page-343) Design Based on Finite State Machines (Page-381) Micro programmed state Machines (Page-421) Micro Programmed Adaptive Filtering Application (Page-453) CORDIC based DDFS Architectures (Page-483) Digital Design of Communication System (Page-521) | ||
| 538 | _aAlmirah No.45 Shelf No.5 | ||
| 650 | 0 |
_aTelecommunication Engineering _xDigital techniques. |
|
| 942 | _cREF | ||
| 999 |
_c189208 _d189208 |
||